Responses for show #3775 - Friday, January 19, 2001

Contestants

[<< previous game]

Ryan Kelley, a sports radio salesman from Hollis, New Hampshire

Courtney Tullar, a risk manager from Pittsburgh, Pennsylvania

Gina Morse, a high school librarian from Elmira, New York (whose 1-day cash winnings total $8,800)

[next game >>]

Jeopardy! Round responses

THE AFI'S 100 GREATEST AMERICAN MOVIES
(AFI: American Film Institute)
INTERNET SHORTHAND
BAG LADIES
"W"ORDS
TEMPERATURE
CLIMB IT
    $100 10
Steven Spielberg

Ryan
    $100 1
For Your Information

Courtney
    $100 6
Ostrich

Gina
    $100 15
(R: What is spring?)

Winter

CourtneyRyan
    $100 26
98.6 F.

Ryan
    $100 19
Statue of Liberty

Gina
    $200 11
Fantasia (or Snow White)

Courtney
    $200 2
Please

Triple Stumper
    $200 7
Grace Kelly

Gina
    $200 16
Waddle

Ryan
    $200 27
212

Gina
    $200 20
Mount Everest

Ryan
    $300 12
The Grapes of Wrath

Triple Stumper
    $300 3
On the other hand

Gina
    $300 8
Margaret Thatcher

Gina
    $300 17
Windmills

Gina
    $300 28
Global warming

Courtney
    $300 21
Mount Kilimanjaro

Gina
    $400 13
Unforgiven

Ryan
    $400 4
For cryin' out loud

Triple Stumper
    $400 9
Tote bags

Ryan
    $400 23
Whelk

Ryan
    $400 29
Libya

Ryan
    $400 22
Mount Ararat

Ryan
    $500 14
The Godfather

Ryan
    $500 5
Got to go

Triple Stumper
    $500 18
Coach

Gina
    $500 24
Whetstone

Gina
    $500 30
Alaska

Triple Stumper
    $500 25
Peru

Ryan

Scores at the first commercial break (after clue 15):

Gina Courtney Ryan
$900 $400 $1,300

Scores at the end of the Jeopardy! Round:

Gina Courtney Ryan
$2,800 $700 $3,500

Double Jeopardy! Round responses

LITERARY RELATIVES
INTERNATIONAL ATHLETES
ANCIENT PLACES
GEOLOGY
ART & ARTISTS
LETTER DROP
    $200 12
William Butler Yeats

Triple Stumper
    $200 3
Japan

Ryan
    $200 8
Sparta

Ryan
    $200 16
Earthquake

Ryan
    $200 1
Impressionism

Gina
    $200 26
R (first/fist)

Gina
    $400 13
Grimm brothers

Gina
    $400 4
Zimbabwe

Ryan
    $400 9
Carthage

Ryan
    $400 17
(G: What is metamorphic?)
(R: What is igneous?)

Sedimentary

GinaRyan
Triple Stumper
    $400 2
St. Peter's Basilica

Ryan
    $400 27
T (cart/car)

Triple Stumper
    $600 14
(C: Who was Heinlein?)

Ray Bradbury

CourtneyRyan
    $600 5
"El Nino"

Ryan
    $600 10
(C: What was Alexandria?)

Memphis

CourtneyRyan
    $1,000 20
Crystal

Gina
    $600 15
Pieter Bruegel the Elder

Triple Stumper
    $600 28
N (month/moth)

Ryan
    $800 18
Stephen Vincent Benet

Gina
    $800 6
Blocked shots

Ryan
    $800 11
Turkey

Triple Stumper
    $800 21
Rift/rifting

Courtney
    $800 23
Rene Magritte

Courtney
    $800 29
G (gloom/loom)

Gina
    $1000 19
Owen Wister

Gina
    $1000 7
Panama

Ryan
    $500 25
(R: Babylon?)

Tyre

Ryan
    $1000 22
Calcite, gypsum or talc

Courtney
    $1000 24
Mary Cassatt

Ryan
    $1000 30
(Alex: And we don't want to talk about either one of those unless the bris is done briskly!)

K (brisk/bris)

Gina

Scores at the end of the Double Jeopardy! Round:

Gina Courtney Ryan
$7,800 $2,100 $9,600

[wagering suggestions for these scores]

Final Jeopardy! Round responses

BALLET
CourtneyWhat the Nutcracker?
$100
GinaWhat is The Nutcracker?
$500
RyanWhat is the Bolshoy?
$1,400
The Nutcracker

Final scores:

Gina Courtney Ryan
$8,300 $2,200 $8,200
2-day champion: $17,100 3rd place: Bikeshop.com Gift Certificate 2nd place: Trip to Woodstock Inn & Resort, Vermont

Game dynamics:

Coryat scores:

Gina Courtney Ryan
$7,400 $2,100 $10,100
18 R
(including 1 DD),
1 W
7 R,
2 W
24 R
(including 1 DD),
3 W
(including 1 DD)

Combined Coryat: $19,600

The J! Archive is created by fans, for fans. The Jeopardy! game show and all elements thereof, including but not limited to copyright and trademark thereto, are the property of Jeopardy Productions, Inc. and are protected under law. This website is not affiliated with, sponsored by, or operated by Jeopardy Productions, Inc. Join the discussion at JBoard.tv.